|
|
|
|
| LEADER |
00578 a2200169 4500 |
| 008 |
190801b xxu||||| |||| 00| 0 eng d |
| 999 |
|
|
|c 188336
|d 188336
|
| 020 |
|
|
|a 9788126475490
|
| 041 |
|
|
|a MAL
|
| 084 |
|
|
|2 cc
|a V2:1 N47
|
| 100 |
|
|
|a Shashi Tharoor
|
| 245 |
|
|
|a Iruladanja kalam:British samrajyam Indiayodu cheythathu/
|
| 260 |
|
|
|b DC Books
|c 2018
|a Kottayam
|
| 300 |
|
|
|b 398p.
|
| 700 |
|
|
|a Lincy K Thankappan
|e Tr.
|
| 942 |
|
|
|c GEN
|
| 952 |
|
|
|0 0
|1 0
|4 0
|6 V_21_N47_32Q71
|7 0
|9 328638
|a LIB
|b LIB
|d 2018-10-31
|e 10
|g 276.50
|l 4
|o V2:1 N47 32Q7;1
|p 308830
|q 2020-03-21
|r 2020-02-20
|s 2020-02-20
|v 395.00
|y GEN
|